Catálogo
 En Linea

The human condition in latin america / (Registro nro. 39679)

Detalles MARC
000 -CABECERA
campo de control de longitud fija 00523nam a2200157 a 4500
001 - NÚMERO DE CONTROL
campo de control 000040189
005 - FECHA Y HORA DE LA ÚLTIMA TRANSACCIÓN
campo de control 20201002033954.0
008 - DATOS DE LONGITUD FIJA--INFORMACIÓN GENERAL
campo de control de longitud fija 130814s1972 xxuac 000 0 spa d
040 ## - FUENTE DE LA CATALOGACIÓN
Centro catalogador/agencia de origen DO-SdBNP
Lengua de catalogación spa
Centro/agencia transcriptor BNPHU
100 1# - ENTRADA PRINCIPAL--NOMBRE DE PERSONA
Nombre de persona Wolf, Eric R.
9 (RLIN) 66457
245 10 - MENCIÓN DE TÍTULO
Título The human condition in latin america /
Mención de responsabilidad, etc. Eric R. Wolf, Edward C. Hansen.
260 ## - PUBLICACIÓN, DISTRIBUCIÓN, ETC.
Lugar de publicación, distribución, etc. London :
Nombre del editor, distribuidor, etc. Oxford University Press,
Fecha de publicación, distribución, etc. 1972.
300 ## - DESCRIPCIÓN FÍSICA
Extensión 369 p. :
Otras características físicas ils., retrs. ;
Dimensiones 24 cm.
500 ## - NOTA GENERAL
Nota general Incluye notas al pie de las páginas
700 1# - PUNTO DE ACCESO ADICIONAL--NOMBRE DE PERSONA
Nombre de persona Hansen, Edward C.,
9 (RLIN) 66458
Existencias
Estado de retiro Estado de pérdida Restricciones de uso No para préstamo Código de colección Localización permanente Ubicación/localización actual Ubicación en estantería Fecha de adquisición Número de inventario Total de préstamos Signatura topográfica completa Código de barras Fecha visto por última vez Precio válido a partir de Tipo de ítem Koha
        Monografías: Libros y Folletos General General En catalogación 14.08.2013 LF1   40189-10 25.06.2020 25.06.2020 Préstamo en sala

Con tecnología Koha